Statistics for World Cities: Largest Tropical Cities

Click here to take the quiz!

General Stats

  • This quiz has been taken 82 times
  • The average score is 18 of 26

Answer Stats

LatitudeCity% Correct
6°12′SJakarta
96%
14°35′NManila
89%
22°55′SRio de Janeiro
89%
4°36′NBogotá
87%
23°33′S*São Paulo
87%
18°59′NMumbai
85%
13°45′NBangkok
83%
10°46′NHo Chi Minh City
83%
3°09′NKuala Lumpur
83%
6°27′NLagos
83%
4°20′SKinshasa
81%
12°03′SLima
81%
19°26′NMexico City
79%
13°05′NChennai
73%
12°58′NBangalore
72%
21°02′NHanoi
71%
22°34′NKolkata
69%
17°22′NHyderabad
61%
8°50′SLuanda
61%
7°16′SSurabaya
55%
6°55′SBandung
53%
22°17′NHong Kong
53%
23°08′NGuangzhou
47%
23°02′NAhmedabad
41%
22°33′NShenzhen
40%
6°08'NOnitsha
7%

Score Distribution

Percentile by Number Answered

Percent of People with Each Score

Your Score History

You have not taken this quiz